LEADER 01866oam 2200589 450 001 9910822803603321 005 20230929050606.0 010 $a1-925302-61-X 035 $a(CKB)4100000011398004 035 $a(MiAaPQ)EBC6612340 035 $a(MiAaPQ)EBC6629203 035 $a(Au-PeEL)EBL6612340 035 $a(OCoLC)1255224402 035 $aEBL6844999 035 $a(OCoLC)1330932841 035 $a(AU-PeEL)EBL6844999 035 $a(MiAaPQ)EBC6844999 035 $a(MiAaPQ)EBC6320006 035 $a(Au-PeEL)EBL6320006 035 $a(EXLCZ)994100000011398004 100 $a20230624h2020 uy 0 101 0 $aeng 135 $aur|n#|||||||| 181 $ctxt$2rdacontent 182 $cc$2rdamedia 183 $acr$2rdacarrier 200 14$aThe Dhurga dictionary and learners grammar $ea South-East coast NSW aboriginal language /$fKerry Boyenga, Waine Donovan, and Patricia Ellis 205 $a1st ed. 210 1$aCanberra, ACT :$cAboriginal Studies Press,$d[2020] 210 4$dİ2020 215 $a1 online resource (133 pages) 311 18$a1-925302-60-1 320 $aIncludes bibliographical references. 606 $aAboriginal Australians$xLanguages$vDictionaries 606 $aDhurga language 606 $aLanguage - Vocabulary - Dictionaries and glossaries$2aiatsiss 615 0$aAboriginal Australians$xLanguages 615 0$aDhurga language. 615 7$aLanguage - Vocabulary - Dictionaries and glossaries. 676 $a499.15 700 $aBoyenga$b Kerry$01612799 702 $aDonovan$b Waine 702 $aEllis$b Patricia 712 02$aAboriginal Studies Press (ASP) 801 0$bMiAaPQ 801 1$bMiAaPQ 801 2$bMiAaPQ 801 2$bNCSU 906 $aBOOK 912 $a9910822803603321 996 $aThe Dhurga dictionary and learners grammar$93941775 997 $aUNINA LEADER 02080nam 2200481Ia 450 001 996248157203316 005 20160416000000.0 010 $a0-262-23264-2 024 7 $a2027/heb31248 035 $a(CKB)3710000000955338 035 $a(dli)HEB31248 035 $a(MiU) MIU01100000000000000000457 035 $a(EXLCZ)993710000000955338 100 $a20160417d2008 uy 0 101 0 $aeng 135 $aurmnummmmuuuu 181 $ctxt$2rdacontent 182 $cc$2rdamedia 183 $acr$2rdacarrier 200 14$aThe tropics of empire $ewhy Columbus sailed south to the Indies /$fNicola?s Wey Go?mez 210 $aCambridge, Mass. $cMIT Press$dc2008 215 $a1 online resource (xxiv, 592 p. ) $cill. (some col.), maps (some col.) ; 225 1 $aTransformations : studies in the history of science and technology 320 $aIncludes bibliographical references (p. [535]-568) and index. 327 $aIntroduction : why Columbus sailed south to the Indies -- Machina mundi : the moral authority of place in the early transatlantic encounter -- Columbus and the open geography of the ancients -- The meaning of India in pre-Columbian Europe -- From place to colonialism in the Aristotelian tradition -- En la parte del sol : Iberia's invention of the Afro-Indian tropics, 1434-1494 -- Between Cathay and a hot place : reorienting the Asia-America debate -- The tropics of empire in Columbus's Diario. 410 0$aTransformations (M.I.T. Press) 606 $aGeography, Medieval 606 $aDiscoveries in geography 606 $aNavigation$xHistory 607 $aAmerica$xDiscovery and exploration$xSpanish 607 $aTropics$xGeography 607 $aEurope$xIntellectual life$y15th century 615 0$aGeography, Medieval. 615 0$aDiscoveries in geography. 615 0$aNavigation$xHistory. 676 $a980/.013092 700 $aWey Go?mez$b Nicola?s$01015556 801 0$bMiU 801 1$bMiU 906 $aBOOK 912 $a996248157203316 996 $aThe tropics of empire$92371951 997 $aUNISA